[Event "32nd ECC Open 2016"]
[Site "Novi Sad SRB"]
[Date "2016.11.11"]
[Round "6.6"]
[Board "4"]
[White "Bosiocic, Marin"]
[Black "Volokitin, Andrei"]
[Result "1/2-1/2"]
[WhiteTitle "GM"]
[BlackTitle "GM"]
[WhiteElo "2586"]
[BlackElo "2668"]
[WhiteTeam "Vaalerenga Chess Club"]
[BlackTeam "Ashdod"]
[WhiteFideId "14507927"]
[BlackFideId "14107090"]
[EventDate "2016.11.06"]

1. c4 Nf6 2. g3 c6 3. Bg2 d5 4. Nf3 dxc4 5. Na3 b5 6. O-O e6 7. b3 cxb3 8. axb3
Bb7 9. Bb2 Qb6 10. d4 Be7 11. Ne5 O-O 12. Rc1 Rc8 13. g4 Nfd7 14. f4 Nxe5 15.
fxe5 c5 16. d5 c4+ 17. e3 exd5 18. Qf3 Nc6 19. Qxf7+ Kh8 20. Nc2 Rf8 21. Qh5 Bc5
22. e6 Bxe3+ 23. Kh1 Bxc1 24. Bxg7+ Kxg7 25. Rf7+ Rxf7 26. Qxf7+ Kh8 27. Qf6+
Kg8 28. Qf7+ Kh8 29. Qf6+ Kg8 30. Qf7+ Kh8 1/2-1/2

[Event "32nd ECC Open 2016"]
[Site "Novi Sad SRB"]
[Date "2016.11.11"]
[Round "6.6"]
[Board "5"]
[White "Moiseenko, Alexander"]
[Black "Christiansen, Johan-Sebastian"]
[Result "1-0"]
[WhiteTitle "GM"]
[BlackTitle "IM"]
[WhiteElo "2650"]
[BlackElo "2425"]
[WhiteTeam "Ashdod"]
[BlackTeam "Vaalerenga Chess Club"]
[WhiteFideId "14102560"]
[BlackFideId "1512668"]
[EventDate "2016.11.06"]

1. d4 d5 2. c4 dxc4 3. e3 e5 4. Bxc4 exd4 5. exd4 Bd6 6. Nf3 Nf6 7. O-O O-O 8.
Bg5 h6 9. Bh4 Nc6 10. h3 g5 11. Bg3 g4 12. hxg4 Bxg3 13. fxg3 Bxg4 14. Nc3 Kg7
15. d5 Ne5 16. Qd4 Nxc4 17. Qxc4 Qd6 18. Nd2 Bh5 19. Nce4 Qb6+ 20. Kh1 Ng4 21.
Qc3+ Kh7 22. Nc4 Qg6 23. Nf6+ Nxf6 24. Rxf6 Qg7 25. Raf1 Rad8 26. d6 cxd6 27.
Nxd6 Bg6 28. Qc7 Kg8 29. b4 Bh5 30. Kh2 Bg6 31. Qxb7 Rb8 32. Qe7 Qh7 33. b5 h5
34. R1f4 Rb6 35. Qxa7 Rbb8 36. Qe7 Qg7 37. a4 Ra8 38. b6 Ra5 39. b7 Rg5 40. Ne8 1-0

[Event "32nd ECC Open 2016"]
[Site "Novi Sad SRB"]
[Date "2016.11.11"]
[Round "6.6"]
[Board "6"]
[White "Sagafos, Magne"]
[Black "Kogan, Arthur"]
[Result "0-1"]
[WhiteTitle "IM"]
[BlackTitle "GM"]
[WhiteElo "2397"]
[BlackElo "2522"]
[WhiteTeam "Vaalerenga Chess Club"]
[BlackTeam "Ashdod"]
[WhiteFideId "1502506"]
[BlackFideId "2800802"]
[EventDate "2016.11.06"]

1. e4 c5 2. Nc3 Nc6 3. Bb5 Nd4 4. Nf3 e6 5. O-O a6 6. Bd3 Nc6 7. Re1 d6 8. b3 g6
9. e5 d5 10. Bb2 Bg7 11. Na4 b6 12. c4 Nge7 13. Bf1 d4 14. a3 a5 15. g3 h6 16.
Bg2 Rb8 17. h3 Qc7 18. Qe2 g5 19. d3 Ng6 20. Rab1 Bd7 21. Bc1 Ncxe5 22. Nxe5
Qxe5 23. Qd1 Qd6 24. b4 O-O 25. b5 f5 26. Qh5 Ne5 27. Qe2 f4 28. gxf4 gxf4 29.
Qe4 f3 30. Bh1 Rf5 31. Bf4 Qf8 32. Bg3 Bc8 33. Red1 Bb7 34. Qe1 Qd8 35. Qd2 Rh5
36. Re1 Rxh3 37. Qf4 Rh5 38. Rxe5 Rxe5 39. Bxf3 Bxf3 40. Qxf3 Rg5 41. Qc6 Be5
42. Qxe6+ Kg7 43. Qxe5+ Rxe5 44. Bxe5+ Kf7 45. Bxb8 Qxb8 46. Re1 Qg8+ 47. Kh2
Qg4 48. Re4 Qf3 49. Kg1 Qd1+ 0-1

[Event "32nd ECC Open 2016"]
[Site "Novi Sad SRB"]
[Date "2016.11.11"]
[Round "6.7"]
[Board "1"]
[White "Petenyi, Tamas"]
[Black "Artemiev, Vladislav"]
[Result "1-0"]
[WhiteTitle "IM"]
[BlackTitle "GM"]
[WhiteElo "2443"]
[BlackElo "2658"]
[WhiteTeam "SK Dunajska Streda"]
[BlackTeam "Ladya Kazan"]
[WhiteFideId "14909090"]
[BlackFideId "24101605"]
[EventDate "2016.11.06"]

1. e4 c5 2. Nf3 d6 3. d4 cxd4 4. Nxd4 Nf6 5. Nc3 a6 6. Be3 e6 7. f3 b5 8. Qd2 b4
9. Nce2 e5 10. Nb3 a5 11. c4 Be6 12. Ng3 Nbd7 13. Nc1 h5 14. Bd3 h4 15. Nge2 Rc8
16. b3 Nc5 17. O-O Be7 18. Bc2 h3 19. g3 O-O 20. Nd3 Qc7 21. Nf2 Nfd7 22. f4 Qb7
23. g4 f5 24. gxf5 Bxf5 25. Ng3 Be6 26. f5 Bxf5 27. Nxf5 Rxf5 28. Nxh3 Rh5 29.
Qg2 Nf6 30. Ng5 Rh4 31. h3 Nh5 32. Bd1 Nf4 33. Bxf4 exf4 34. Nf3 Rh6 35. Nd4 Kh7
36. Nf5 Rg6 37. Bg4 Bf6 38. Rad1 Be5 39. Nh4 Rh6 40. Bf5+ Kg8 41. Bxc8 Qxc8 42.
Nf5 Qe6 43. Rxd6 Qxd6 44. Nxd6 Rxd6 45. Qg5 Bd4+ 46. Kh1 Be3 47. Qe5 Rf6 48.
Qd5+ Kh8 49. e5 Rf5 50. Rf3 Kh7 51. Kh2 Rg5 52. Rxe3 1-0

[Event "32nd ECC Open 2016"]
[Site "Novi Sad SRB"]
[Date "2016.11.11"]
[Round "6.7"]
[Board "3"]
[White "Czebe, Attila"]
[Black "Timofeev, Artyom"]
[Result "1/2-1/2"]
[WhiteTitle "GM"]
[BlackTitle "GM"]
[WhiteElo "2482"]
[BlackElo "2598"]
[WhiteTeam "SK Dunajska Streda"]
[BlackTeam "Ladya Kazan"]
[WhiteFideId "705268"]
[BlackFideId "4140419"]
[EventDate "2016.11.06"]

1. Nf3 c5 2. b3 d6 3. d4 cxd4 4. Nxd4 e5 5. Nf3 Nf6 6. g3 Nc6 7. Bg2 d5 8. O-O
Be7 9. Bb2 Qc7 10. c4 d4 11. e3 dxe3 12. fxe3 Bg4 13. Nc3 e4 14. Nd5 Qc8 15.
Nxe7 Kxe7 16. Ba3+ Ke8 17. Qd6 Bxf3 18. Bxf3 exf3 19. Rxf3 Qb8 20. Qd2 Qe5 21.
Bb2 Qe6 22. Bxf6 gxf6 23. Raf1 Rd8 24. Qg2 Rd7 25. Rxf6 Qxe3+ 26. Kh1 Kd8 27.
Rxf7 Rd2 28. Qh3 Qe4+ 29. Kg1 Qd4+ 30. Kh1 Qe4+ 31. Kg1 Qd4+ 32. Kh1 Qe4+ 1/2-1/2

[Event "32nd ECC Open 2016"]
[Site "Novi Sad SRB"]
[Date "2016.11.11"]
[Round "6.7"]
[Board "4"]
[White "Hasangatin, Ramil"]
[Black "Bagi, Mate"]
[Result "1/2-1/2"]
[WhiteTitle "GM"]
[BlackTitle "IM"]
[WhiteElo "2505"]
[BlackElo "2449"]
[WhiteTeam "Ladya Kazan"]
[BlackTeam "SK Dunajska Streda"]
[WhiteFideId "4122160"]
[BlackFideId "742570"]
[EventDate "2016.11.06"]

1. e4 e5 2. Nf3 Nc6 3. Bb5 a6 4. Ba4 Nf6 5. O-O Be7 6. Bxc6 dxc6 7. d3 Nd7 8.
Nbd2 f6 9. Nh4 g6 10. Nc4 Nc5 11. Be3 O-O 12. Nf3 Ne6 13. Re1 b6 14. a4 c5 15.
c3 Qd7 16. Qc2 Rd8 17. Red1 Qc6 18. h3 Qe8 19. b3 Qc6 20. Qa2 Kg7 21. Qc2 Kg8
22. Qa2 Kg7 23. Qc2 Kg8 1/2-1/2

[Event "32nd ECC Open 2016"]
[Site "Novi Sad SRB"]
[Date "2016.11.11"]
[Round "6.7"]
[Board "5"]
[White "Varga, Zoltan"]
[Black "Faizrakhmanov, Ramil"]
[Result "1/2-1/2"]
[WhiteTitle "GM"]
[BlackTitle "FM"]
[WhiteElo "2418"]
[BlackElo "2422"]
[WhiteTeam "SK Dunajska Streda"]
[BlackTeam "Ladya Kazan"]
[WhiteFideId "700509"]
[BlackFideId "24103209"]
[EventDate "2016.11.06"]

1. e4 e5 2. Nf3 Nc6 3. Bb5 Nf6 4. d3 Bc5 5. O-O Nd4 6. Nxd4 Bxd4 7. Nd2 c6 8.
Ba4 d6 9. c3 Bb6 10. Qf3 Bg4 11. Qg3 Be2 12. Re1 Nh5 13. Qh3 Nf4 14. Qg3 Bxd3
15. Nf1 Ne2+ 16. Rxe2 Bxe2 17. Qxg7 Kd7 18. Qxf7+ Qe7 19. Qxe7+ Kxe7 20. Bb3 Bd3
21. Ng3 Rhf8 22. Be3 Bxe3 23. fxe3 Rf6 24. Rd1 Ba6 25. Nf5+ Kd7 26. Rd2 Raf8 27.
h3 b5 28. g4 Bc8 29. g5 Rg6 30. h4 Kc7 31. Rf2 Kd8 32. Bd1 d5 33. Rd2 Be6 34.
Bh5 Rgg8 35. Nh6 Rg7 36. Bg4 Ke7 37. Nf5+ Bxf5 38. exf5 Kd6 39. Rg2 e4 40. f6
Rgg8 41. Bf5 Rf7 42. Bxh7 Rxh7 43. g6 Rxh4 44. f7 Rhh8 45. fxg8=Q Rxg8 46. g7
Ke5 47. Rg6 Kf5 48. Rxc6 Rxg7+ 49. Kf2 Rh7 50. Rc5 Rh2+ 51. Kg3 Rxb2 52. Rxd5+
Ke6 1/2-1/2

[Event "32nd ECC Open 2016"]
[Site "Novi Sad SRB"]
[Date "2016.11.11"]
[Round "6.7"]
[Board "6"]
[White "Murtazin, Bulat"]
[Black "Meszaros, Michal"]
[Result "1-0"]
[WhiteTitle "FM"]
[BlackTitle "IM"]
[WhiteElo "2384"]
[BlackElo "2391"]
[WhiteTeam "Ladya Kazan"]
[BlackTeam "SK Dunajska Streda"]
[WhiteFideId "24151351"]
[BlackFideId "14905329"]
[EventDate "2016.11.06"]

1. d4 Nf6 2. c4 g6 3. f3 Bg7 4. e4 d6 5. Nc3 O-O 6. Be3 c5 7. Nge2 Nc6 8. d5 Ne5
9. Ng3 e6 10. Be2 exd5 11. cxd5 a6 12. a4 h5 13. O-O h4 14. Nh1 Nh7 15. Nf2 f5
16. Qd2 Qf6 17. Nh3 b6 18. Rf2 Ra7 19. Nf4 Qf7 20. Ne6 Bxe6 21. dxe6 Qxe6 22.
Rd1 Nf7 23. Nd5 Rb8 24. Nf4 Qf6 25. Bd3 fxe4 26. Bxe4 Nf8 27. Qc2 Ne5 28. h3 b5
29. b4 Nc4 30. Bd5+ Kh8 31. Bxc4 bxc4 32. Nd5 Qe6 33. bxc5 c3 34. c6 Rf7 35. Qd3
Rc8 36. Qxa6 Rf5 37. Bf4 c2 38. Rxc2 Rxd5 39. Rxd5 Qxd5 40. Qxc8 Qd4+ 41. Kh1
Qd1+ 42. Kh2 Qxc2 43. Bxd6 Qd1 44. Qd8 Qd4 45. Qe7 Qc4 46. c7 Kh7 47. Qd8 Qd4
48. c8=Q Be5+ 49. Bxe5 Qxe5+ 50. f4 Qxf4+ 51. Kg1 Qe3+ 52. Kf1 Qf4+ 53. Ke2 Qe4+
54. Kd1 Qxa4+ 55. Qc2 Qa1+ 56. Qc1 Qa4+ 57. Ke2 Qe4+ 58. Kf2 Qf5+ 59. Ke3 1-0

[Event "32nd ECC Open 2016"]
[Site "Novi Sad SRB"]
[Date "2016.11.11"]
[Round "6.8"]
[Board "1"]
[White "Van Wely, Loek"]
[Black "Howell, David W L"]
[Result "1-0"]
[WhiteTitle "GM"]
[BlackTitle "GM"]
[WhiteElo "2685"]
[BlackElo "2655"]
[WhiteTeam "Schachgesellschaft Zurich"]
[BlackTeam "Cheddleton"]
[WhiteFideId "1000268"]
[BlackFideId "410608"]
[EventDate "2016.11.06"]

1. c4 Nf6 2. Nc3 e5 3. g3 d5 4. cxd5 Nxd5 5. Bg2 Nb6 6. d3 Be7 7. Nf3 Nc6 8. a3
O-O 9. b4 Be6 10. Bb2 a5 11. b5 Nd4 12. O-O Bb3 13. Qc1 Nxf3+ 14. Bxf3 Rb8 15.
Ne4 f6 16. Qc3 Bd5 17. Qxa5 Qd7 18. Qc3 Ra8 19. Rfc1 Rfc8 20. Qc2 Na4 21. Bc3 c6
22. Bb4 Bxb4 23. axb4 cxb5 24. Qd2 Bc6 25. Qa2+ Kh8 26. Nc5 Qe7 27. Bxc6 Rxc6
28. Qd2 g6 29. Qe3 Qf7 30. Ne4 Raa6 31. d4 exd4 32. Qxd4 Kg7 33. f3 Qe7 34. g4
h6 35. h4 Kf7 36. Rd1 f5 37. gxf5 gxf5 38. Ng3 Rg6 39. Kf2 Rae6 40. Rac1 Re5 41.
Rc8 Rc6 42. Rh8 Rc4 43. Rh7+ Kg6 44. Rxe7 Rxd4 45. Rxd4 Rxe7 46. Rd6+ Kf7 47.
Nxf5 Re6 48. Nxh6+ 1-0

[Event "32nd ECC Open 2016"]
[Site "Novi Sad SRB"]
[Date "2016.11.11"]
[Round "6.8"]
[Board "2"]
[White "Hamitevici, Vladimir"]
[Black "Bauer, Christian"]
[Result "1/2-1/2"]
[WhiteTitle "IM"]
[BlackTitle "GM"]
[WhiteElo "2484"]
[BlackElo "2632"]
[WhiteTeam "Cheddleton"]
[BlackTeam "Schachgesellschaft Zurich"]
[WhiteFideId "13902393"]
[BlackFideId "603767"]
[EventDate "2016.11.06"]

1. a3 g6 2. g3 Bg7 3. Bg2 c5 4. c4 Nc6 5. Nc3 d6 6. e3 Bxc3 7. bxc3 Qd7 8. d3 b6
9. e4 Bb7 10. h4 h6 11. g4 O-O-O 12. f4 Kb8 13. Ra2 f5 14. exf5 gxf5 15. g5 e6
16. Rf2 Nge7 17. Ne2 Na5 18. Bxb7 Qxb7 19. Rh3 d5 20. cxd5 Qxd5 21. h5 hxg5 22.
fxg5 e5 23. Rfh2 f4 24. Nxf4 exf4 25. Bxf4+ Kb7 26. Qf3 Qxf3 27. Rxf3 Rdf8 28.
Be5 Rxf3 29. Bxh8 Nac6 30. Ke2 Rf8 31. Bf6 Nd5 32. h6 Nxf6 33. gxf6 Ne5 34. h7
Rh8 35. Rg2 Kc6 36. Rg7 Kd6 37. d4 cxd4 38. cxd4 Nd7 39. f7 Ke6 40. Kd3 Kf6 41.
Rg8 Rxh7 1/2-1/2

[Event "32nd ECC Open 2016"]
[Site "Novi Sad SRB"]
[Date "2016.11.11"]
[Round "6.8"]
[Board "3"]
[White "Pelletier, Yannick"]
[Black "Williams, Simon K"]
[Result "1-0"]
[WhiteTitle "GM"]
[BlackTitle "GM"]
[WhiteElo "2566"]
[BlackElo "2444"]
[WhiteTeam "Schachgesellschaft Zurich"]
[BlackTeam "Cheddleton"]
[WhiteFideId "1301837"]
[BlackFideId "404454"]
[EventDate "2016.11.06"]

1. d4 Nf6 2. c4 c5 3. d5 e5 4. Nc3 d6 5. e4 Nbd7 6. Nge2 h5 7. h4 g6 8. f3 a6 9.
a4 Bg7 10. Bg5 Nf8 11. g3 N8h7 12. Be3 O-O 13. Qb1 Nd7 14. a5 f5 15. Bh3 f4 16.
Be6+ Kh8 17. gxf4 exf4 18. Bxf4 Rxf4 19. Nxf4 Qf6 20. Bxd7 Qxf4 21. Bxc8 Qg3+
22. Ke2 Qg2+ 23. Kd3 Qxf3+ 24. Kc2 Rxc8 25. Qf1 Qe3 26. Qd3 Qd4 27. Rhg1 Nf8 28.
Raf1 Nd7 29. Qe2 Ne5 30. Rxg6 Nxc4 31. Rf7 1-0

[Event "32nd ECC Open 2016"]
[Site "Novi Sad SRB"]
[Date "2016.11.11"]
[Round "6.8"]
[Board "4"]
[White "Eggleston, David J"]
[Black "Studer, Noel"]
[Result "0-1"]
[WhiteTitle "IM"]
[BlackTitle "IM"]
[WhiteElo "2413"]
[BlackElo "2436"]
[WhiteTeam "Cheddleton"]
[BlackTeam "Schachgesellschaft Zurich"]
[WhiteFideId "412120"]
[BlackFideId "1319620"]
[EventDate "2016.11.06"]

1. c4 Nf6 2. Nf3 e6 3. g3 d5 4. Bg2 Be7 5. d4 O-O 6. O-O Nbd7 7. Qc2 c6 8. Nbd2
b6 9. e4 dxc4 10. Nxc4 Bb7 11. Bg5 h6 12. e5 Ne8 13. Bxe7 Qxe7 14. Nh4 Rb8 15.
f4 c5 16. Bxb7 Rxb7 17. Qe4 Rb8 18. d5 exd5 19. Qxd5 Qe6 20. Qxe6 fxe6 21. Rad1
Rf7 22. Ng6 Nf8 23. Nxf8 Kxf8 24. Rd2 Nc7 25. Rd6 Ke7 26. a4 g5 27. f5 Rxf5 28.
Rxf5 exf5 29. Rxh6 Nd5 30. Rh7+ Ke6 31. Rxa7 f4 32. gxf4 gxf4 33. Rh7 Ne3 34.
Nxb6 Kf5 35. a5 Rg8+ 36. Kf2 Ke4 37. e6 Rg2+ 38. Ke1 f3 39. Rh4+ Kd3 0-1

[Event "32nd ECC Open 2016"]
[Site "Novi Sad SRB"]
[Date "2016.11.11"]
[Round "6.8"]
[Board "5"]
[White "Vogt, Lothar"]
[Black "Fodor, Tamas Jr."]
[Result "1/2-1/2"]
[WhiteTitle "GM"]
[BlackTitle "GM"]
[WhiteElo "2409"]
[BlackElo "2493"]
[WhiteTeam "Schachgesellschaft Zurich"]
[BlackTeam "Cheddleton"]
[WhiteFideId "4611292"]
[BlackFideId "723762"]
[EventDate "2016.11.06"]

1. e4 e5 2. Nf3 Nc6 3. Bb5 a6 4. Ba4 Nf6 5. O-O Be7 6. Bxc6 dxc6 7. d3 Nd7 8.
Nbd2 O-O 9. b3 c5 10. Nc4 Bd6 11. a4 b6 12. Bb2 Re8 13. Kh1 Bb7 14. Qd2 Qe7 15.
Ng1 f6 16. Ne2 Nf8 17. f4 exf4 18. Nxf4 Bxf4 19. Qxf4 Ne6 20. Qg3 Nd4 21. Ne3
Qe5 22. Qxe5 Rxe5 23. Nf5 Rd8 24. c4 a5 25. Nxd4 cxd4 26. Bc1 c5 27. Bf4 Re6 28.
Rae1 Rde8 29. Bg3 Bc8 30. Kg1 R6e7 31. Bd6 1/2-1/2

[Event "32nd ECC Open 2016"]
[Site "Novi Sad SRB"]
[Date "2016.11.11"]
[Round "6.8"]
[Board "6"]
[White "Steil-Antoni, Fiona"]
[Black "Rosenthal, Jonathan"]
[Result "0-1"]
[WhiteTitle "WIM"]
[BlackTitle "FM"]
[WhiteElo "2141"]
[BlackElo "2333"]
[WhiteTeam "Cheddleton"]
[BlackTeam "Schachgesellschaft Zurich"]
[WhiteFideId "4001249"]
[BlackFideId "1315684"]
[EventDate "2016.11.06"]

1. e4 c6 2. d4 d5 3. Nc3 dxe4 4. Nxe4 Bf5 5. Ng3 Bg6 6. Nh3 e6 7. Bc4 Bd6 8. O-O
Ne7 9. c3 Qc7 10. Qf3 Nd5 11. Kh1 Nd7 12. Nh5 O-O-O 13. N5f4 N7f6 14. Nxd5 cxd5
15. Bd3 Bxd3 16. Qxd3 h6 17. f4 Ne4 18. Be3 Kb8 19. Rac1 f5 20. b3 Qd7 21. c4
dxc4 22. bxc4 Rc8 23. Qb3 Rhd8 24. Rb1 Ka8 25. Nf2 Nxf2+ 26. Rxf2 Rc7 27. Rfb2
Rdc8 28. c5 Be7 29. a4 Qd5 30. Qb4 Rd7 31. a5 a6 32. Qe1 Bd8 33. Qe2 g5 34. h3
Rc6 35. Rb3 Bf6 36. Qb2 Rxc5 37. fxg5 hxg5 38. Bd2 Bxd4 39. Qa3 g4 40. h4 Rh7
41. Be1 0-1

[Event "32nd ECC Open 2016"]
[Site "Novi Sad SRB"]
[Date "2016.11.11"]
[Round "6.9"]
[Board "1"]
[White "Antic, Dejan"]
[Black "Papp, Gabor1"]
[Result "1/2-1/2"]
[WhiteTitle "GM"]
[BlackTitle "GM"]
[WhiteElo "2455"]
[BlackElo "2587"]
[WhiteTeam "Crvena Zvezda"]
[BlackTeam "CSM Baia Mare"]
[WhiteFideId "901008"]
[BlackFideId "718602"]
[EventDate "2016.11.06"]

1. d4 d5 2. c4 dxc4 3. Nf3 a6 4. e3 Bg4 5. Bxc4 e6 6. h3 Bh5 7. O-O Nf6 8. b3
Nc6 9. Bb2 Bd6 10. Be2 O-O 11. Nbd2 Nd5 12. Rc1 f5 13. Nc4 Qe7 14. a3 Rad8 15.
b4 Qe8 16. Re1 Be7 17. Qc2 g5 18. Nfe5 Nxe5 19. Nxe5 Bxe2 20. Qxe2 Bd6 21. Nd3
Qf7 22. e4 fxe4 23. Qxe4 Rde8 24. Rc2 Qf5 25. Rce2 Nf6 26. Qxf5 exf5 27. Nc5
Bxc5 28. dxc5 Rxe2 29. Rxe2 Re8 30. Rxe8+ Nxe8 31. Bc1 h6 32. f4 g4 33. hxg4
fxg4 34. Bb2 h5 35. g3 c6 36. Be5 Ng7 37. Bxg7 Kxg7 38. Kf2 Kf6 39. Ke2 a5 40.
Kd3 axb4 41. axb4 Kf5 42. Ke3 Ke6 43. Ke4 Kf6 44. f5 Kf7 45. Ke3 1/2-1/2

[Event "32nd ECC Open 2016"]
[Site "Novi Sad SRB"]
[Date "2016.11.11"]
[Round "6.9"]
[Board "2"]
[White "Erdos, Viktor"]
[Black "Abramovic, Bosko"]
[Result "1-0"]
[WhiteTitle "GM"]
[BlackTitle "GM"]
[WhiteElo "2585"]
[BlackElo "2420"]
[WhiteTeam "CSM Baia Mare"]
[BlackTeam "Crvena Zvezda"]
[WhiteFideId "719978"]
[BlackFideId "900206"]
[EventDate "2016.11.06"]

1. d4 Nf6 2. c4 e6 3. g3 d5 4. Nf3 Bb4+ 5. Bd2 Bd6 6. Nc3 c6 7. Qc2 Nbd7 8. e4
Nxe4 9. Nxe4 dxe4 10. Qxe4 O-O 11. Bd3 g6 12. O-O-O e5 13. c5 Bxc5 14. dxe5 Nb6
15. Bh6 Re8 16. Ng5 Nd5 17. Qf3 Be6 18. h4 Qd7 19. Nxh7 Kxh7 20. h5 Kg8 21. hxg6
fxg6 22. Bxg6 Re7 23. Qh5 Rg7 24. Be3 Bxe3+ 25. fxe3 Kf8 26. Qh8+ Rg8 27. Rdf1+ 1-0

[Event "32nd ECC Open 2016"]
[Site "Novi Sad SRB"]
[Date "2016.11.11"]
[Round "6.9"]
[Board "3"]
[White "Djuric, Stefan"]
[Black "Vajda, Levente"]
[Result "1-0"]
[WhiteTitle "GM"]
[BlackTitle "GM"]
[WhiteElo "2418"]
[BlackElo "2597"]
[WhiteTeam "Crvena Zvezda"]
[BlackTeam "CSM Baia Mare"]
[WhiteFideId "900133"]
[BlackFideId "1203975"]
[EventDate "2016.11.06"]

1. e4 e5 2. Nf3 Nc6 3. Bb5 a6 4. Ba4 Nf6 5. O-O Be7 6. Re1 b5 7. Bb3 O-O 8. h3
Bb7 9. d3 d6 10. c3 Na5 11. Bc2 Re8 12. Nbd2 Bf8 13. d4 Nc6 14. d5 Ne7 15. b3 c6
16. c4 Ng6 17. a4 cxd5 18. cxd5 Nf4 19. b4 N6h5 20. Nf1 Rc8 21. axb5 axb5 22.
Ng3 Nf6 23. Ra7 Rc7 24. Nf5 g6 25. Bxf4 gxf5 26. Bg5 Be7 27. Nh4 Nxd5 28. Nxf5
Bxg5 29. exd5 Qf6 30. h4 Bh6 31. Qh5 Bd2 32. Rd1 Bxb4 33. Rxb7 Rxb7 34. Qg4+ Kh8
35. Qxb4 Rc7 36. Qxb5 Rec8 37. Be4 Rc4 38. Qa6 Qg6 39. f3 Rg8 40. Rd2 Rc1+ 41.
Kh2 Rd1 42. Re2 Rxd5 43. Bxd5 Qxf5 44. Qc4 Rc8 45. Qg4 Qxg4 46. fxg4 f6 47. Ra2
h5 48. gxh5 f5 49. Ra6 Rd8 50. Ra7 Re8 51. Bf7 Rf8 52. Rd7 e4 53. Kg3 e3 54. Kf3
f4 55. Bc4 Rc8 56. Bd3 Rc3 57. Rxd6 1-0

[Event "32nd ECC Open 2016"]
[Site "Novi Sad SRB"]
[Date "2016.11.11"]
[Round "6.9"]
[Board "4"]
[White "Georgescu, Tiberiu-Marian"]
[Black "Govedarica, Radovan"]
[Result "1/2-1/2"]
[WhiteTitle "GM"]
[BlackTitle "IM"]
[WhiteElo "2460"]
[BlackElo "2374"]
[WhiteTeam "CSM Baia Mare"]
[BlackTeam "Crvena Zvezda"]
[WhiteFideId "1213300"]
[BlackFideId "900630"]
[EventDate "2016.11.06"]

1. d4 Nf6 2. c4 e6 3. Nc3 Bb4 4. e3 c5 5. Ne2 cxd4 6. exd4 Be7 7. Nf4 d6 8. Be3
O-O 9. Be2 Nc6 10. O-O e5 11. Nfd5 Nxd5 12. Nxd5 Bg5 13. Bd3 f5 14. Bxg5 Qxg5
15. dxe5 dxe5 16. f4 exf4 17. Qd2 Bd7 18. Qxf4 Qxf4 19. Nxf4 Rae8 20. Rad1 Ne5
21. Be2 Bc6 22. Nd5 g6 23. Rd2 Kg7 24. b3 Rf7 25. Rfd1 Rd7 26. Nf4 Rxd2 27. Rxd2
Re7 28. Kf2 Rd7 29. Rxd7+ Nxd7 30. g3 Kf6 31. Ke3 g5 32. Nd3 Ne5 33. Kd4 Nf3+
34. Bxf3 Bxf3 35. b4 Be4 36. Nc5 Bg2 37. Nd3 Bf1 38. Nc5 Bg2 39. Nd7+ Ke7 40.
Ne5 Ke6 41. Nd3 b6 42. a4 Be4 43. Ne5 a5 44. bxa5 bxa5 45. c5 Bc2 46. Nc4 Bxa4
47. Nxa5 Bb5 48. Nb3 Bc6 49. Nc1 Bb5 50. Na2 Bc6 51. Nb4 Bg2 52. Nd3 Bh1 53. Ne5
h5 54. Nd3 Bc6 55. Nf2 f4 56. gxf4 gxf4 57. Nd3 Kf5 58. Nb4 Bb7 59. c6 Bc8 60.
Nd5 Kg4 61. Nf6+ Kg5 62. Ke5 Ba6 63. c7 Bc8 64. Ne4+ Kg4 65. Nf2+ Kg5 66. Ne4+
Kg4 67. Nf2+ Kg5 68. Nd3 f3 69. Ke4 Bb7+ 70. Ke3 Kf5 71. Nc5 Bc8 72. Na4 Kg4 73.
Nb6 Bb7 74. Nd7 Kh3 75. Nc5 Bc8 76. Kxf3 Kxh2 77. Ne4 h4 78. Kf2 Kh3 79. Kf3 Bb7
80. Kf4 Kg2 81. Nd6 Ba6 82. Nf5 h3 83. Ne3+ Kf2 84. Ng4+ Kg2 85. Ne3+ Kf2 86.
Ng4+ 1/2-1/2

[Event "32nd ECC Open 2016"]
[Site "Novi Sad SRB"]
[Date "2016.11.11"]
[Round "6.9"]
[Board "5"]
[White "Velickovic, Sasa"]
[Black "Dolana, Andrei-Theodor"]
[Result "1/2-1/2"]
[WhiteTitle "IM"]
[BlackTitle "FM"]
[WhiteElo "2312"]
[BlackElo "2297"]
[WhiteTeam "Crvena Zvezda"]
[BlackTeam "CSM Baia Mare"]
[WhiteFideId "900869"]
[BlackFideId "1219804"]
[EventDate "2016.11.06"]

1. e4 c5 2. b3 Nc6 3. Bb2 a6 4. g3 d5 5. Bg2 dxe4 6. Bxe4 Nf6 7. Bg2 Bg4 8. Ne2
Qd7 9. h3 Bf5 10. d3 e5 11. Nd2 Bd6 12. Nc3 Rd8 13. Bxc6 Qxc6 14. Qf3 Qxf3 15.
Nxf3 O-O 16. Nd2 Rfe8 17. O-O-O Nd7 18. g4 Be6 19. Nc4 Bc7 20. Ne4 b6 21. Ne3
Nb8 22. c3 Nc6 23. Kc2 f6 24. Rhg1 Kf7 25. h4 Rg8 26. a3 Na5 27. Nd2 Rd7 28. b4
Nb7 29. Ne4 cxb4 30. axb4 Rc8 31. Ra1 a5 32. Ba3 a4 33. c4 b5 34. Nc3 e4 35.
dxe4 Be5 36. Ncd5 Bxd5 37. exd5 Bxa1 38. Rxa1 bxc4 39. b5 Na5 40. Kc3 Rb8 41.
Bb4 Rxb5 42. Rxa4 Nb7 43. Kxc4 Rb6 44. Kd4 Rb5 45. Kc4 Rb6 46. Kd4 Rb5 1/2-1/2

[Event "32nd ECC Open 2016"]
[Site "Novi Sad SRB"]
[Date "2016.11.11"]
[Round "6.9"]
[Board "6"]
[White "Szabo, Attila1"]
[Black "Vujacic, Borivoje"]
[Result "1/2-1/2"]
[WhiteTitle "FM"]
[BlackTitle "FM"]
[WhiteElo "2312"]
[BlackElo "2240"]
[WhiteTeam "CSM Baia Mare"]
[BlackTeam "Crvena Zvezda"]
[WhiteFideId "1206532"]
[BlackFideId "903000"]
[EventDate "2016.11.06"]

1. e4 c5 2. Nf3 d6 3. d4 Nf6 4. Nc3 cxd4 5. Nxd4 a6 6. Bg5 e6 7. Qd2 Be7 8.
O-O-O b5 9. f3 O-O 10. a3 Qc7 11. Be3 Nc6 12. g4 Nxd4 13. Bxd4 Bb7 14. h4 e5 15.
Be3 d5 16. g5 d4 17. gxf6 Bxf6 18. Nd5 Bxd5 19. exd5 dxe3 20. Qxe3 Rad8 21. Kb1
h5 22. Qe4 g6 23. c4 Qb6 24. cxb5 axb5 25. Qb4 Rb8 26. d6 Rfd8 27. Bh3 Qf2 28.
Bf1 Qxf3 29. Bxb5 Qf5+ 30. Ka1 e4 31. a4 Qe5 32. Rhe1 e3 33. Re2 Rb6 34. d7 Kg7
35. Qc4 Re6 36. Ka2 Qf5 37. Rd3 Re4 38. Qb3 Bd4 39. Qa3 Rxh4 40. Qd6 Qc5 41.
Qxc5 Bxc5 42. Rc3 Bb6 43. Rc6 Ba5 44. Rxe3 Rxd7 45. Rxg6+ fxg6 46. Bxd7 Rd4 47.
Be8 h4 48. Re6 Rg4 49. Re5 Bc7 50. Rc5 Bb6 51. Rc6 Bg1 52. Rc3 g5 53. a5 Re4 54.
Bc6 Rf4 55. a6 g4 56. Rc1 Bb6 57. Rh1 h3 58. Bd7 Kf6 59. Bxg4 1/2-1/2